Word Bank - Space - Statistics

General Stats
  • This quiz has been taken 25 times
  • The average score is 14 of 20
Answer Stats
Hint Answer % Correct
____ is the hottest planet in our solar system Venus
100%
Our nearest galaxy is the ______ galaxy Andromeda
86%
Mercury has no ______ meaning there is no wind or weather atmosphere
86%
Pluto was recognised as a dwarf planet in _____ 2006
81%
Earth is the only planet not named after a ____ god
76%
A ______ is the distance covered by light in a single year light-year
76%
Uranus has ___ moons that have been discovered so far 27
71%
A day on Mercury is equivalent to _____ Earth Days 58
71%
The distance between the sun and the moon is called an ______ Unit Astronomical
71%
A sunset on Mars is ____ blue
71%
Only ___ of the universe is visible from Earth 5%
67%
Uranus's blue glow is due to the _____ in its atmosphere gases
67%
The _______ Belt is a region of the Solar System beyond the orbit of Neptune Kuiper
67%
Any free moving _____ in space will form itself into a sphere liquid
67%
Jupiter's red spot is ________ shrinking
67%
There are about ________ stars in the Milky Way 100 thousand million
62%
Pluto's largest moon is called ______ Charon
62%
______ left on the moon won't disappear due to there being no wind Footprints
62%
The ________ is the only British satellite to be launched using a British rocket Black Arrow
57%
The three main types of galaxies are: elliptical, ______ and irregular spiral
57%
No matching quizzes found
Score Distribution
Percent of People with Each Score
Percentile by Number Answered
Your Score History
You have not taken this quiz